Normal view MARC view

Entry Personal Name

Number of records used in: 1

001 - CONTROL NUMBER

  • control field: 5774

003 - CONTROL NUMBER IDENTIFIER

  • control field: dpl

005 - DATE AND TIME OF LATEST TRANSACTION

  • control field: 20100804113303.0

008 - FIXED-LENGTH DATA ELEMENTS

  • fixed length control field: 100804|||a|||||| | ||| d

040 ## - CATALOGING SOURCE

  • Original cataloging agency: dpl
  • Transcribing agency: dpl

100 ## - HEADING--PERSONAL NAME

  • Personal name: Canfield, Jack

670 ## - SOURCE DATA FOUND

  • Source citation: Work cat.: (dpl)39132: Canfield, Jack, Chicken soup for the soul like mother, like daughter :, 2008

670 ## - SOURCE DATA FOUND

  • Source citation: Work cat.: (dpl)39132: Canfield, Jack, Chicken soup for the soul like mother, like daughter :, 2008

© Delhi Public Library
Hit Counter
free hit counter